000 00205 a2200085 4500
001 73929
090 _c39022
_d39022
245 _aLogic and computer design fundamentals, 2nd Ed
260 _aDelhi, India
_bPearson
_c2001
942 _aNUST-CAE
999 _c309002
_d309002